Every Song by August Burns Red - Statistics

General Stats
  • This quiz has been taken 7 times
    6 since last reset
  • The average score is 15 of 110
Answer Stats
Album Song % Correct
Constellations(2009) Marianas Trench
100%
Constellations(2009) White Washed
83%
Found in Far Away Places(2015) Ghosts
67%
Found in Far Away Places(2015) Identity
67%
Constellations(2009) Indonesia
67%
Leveler(2011) Leveler
50%
Found in Far Away Places(2015) Martyr
50%
Constellations(2009) Meddler
50%
Constellations(2009) Meridian
50%
Constellations(2009) Paradox
50%
Found in Far Away Places(2015) The Wake
50%
Death Below(2023) Ancestry
33%
Rescue & Restore(2013) Animals
33%
Messengers(2007) Back Burner
33%
Guardians(2020) Bloodletter
33%
Guardians(2020) Bones
33%
Messengers(2007) Composure
33%
Rescue & Restore(2013) Creative Captivity
33%
Phantom Anthem(2017) Dangerous
33%
Constellations(2009) Ocean of Apathy
33%
Death Below(2023) The Cleansing
33%
Constellations(2009) The Escape Artist
33%
Thrill Seeker(2005) The Seventh Trumpet
33%
Thrill Seeker(2005) Your Little Suburbia is in Ruins
33%
Death Below(2023) Backfire
17%
Thrill Seeker(2005) Barbarian
17%
Rescue & Restore(2013) Beauty in Tragedy
17%
Found in Far Away Places(2015) Blackwood
17%
Leveler(2011) Boys of Fall
17%
Found in Far Away Places(2015) Broken Promises
17%
Constellations(2009) Crusades
17%
Death Below(2023) Deadbolt
17%
Guardians(2020) Defender
17%
Leveler(2011) Empire
17%
Thrill Seeker(2005) Endorphins
17%
Constellations(2009) Existence
17%
Found in Far Away Places(2015) Majoring in the Minors
17%
Guardians(2020) Paramount
17%
Constellations(2009) Rationalist
17%
Leveler(2011) Salt & Light
17%
Found in Far Away Places(2015) Separating the Seas
17%
Phantom Anthem(2017) The Frost
17%
Constellations(2009) Thirty and Seven
17%
Guardians(2020) Ties That Bind
17%
Death Below(2023) Tightrope
17%
Found in Far Away Places(2015) Twenty-One Grams
17%
Messengers(2007) Up Against the Ropes
17%
Found in Far Away Places(2015) Vanguard
17%
Leveler(Bonus)(2011) X
17%
Leveler(2011) 01/16/2011
0%
Leveler(2011) 40 Nights
0%
Messengers(2007) An American Dream
0%
Thrill Seeker(2005) A Shot Below the Belt
0%
Thrill Seeker(2005) A Wish Full of Dreams
0%
Messengers(2007) Black Sheep
0%
Phantom Anthem(2017) Carbon Copy
0%
Leveler(2011) Carpe Diem
0%
Lost Messengers: The Outtakes(2009) Chasing the Dragon
0%
Thrill Seeker(2005) Consumer
0%
Phantom Anthem(2017) Coordinates
0%
Rescue & Restore(2013) Count It All as Lost
0%
Leveler(2011) Cutting the Ties
0%
Death Below(2023) Dark Divide
0%
Guardians(2020) Dismembered Memory
0%
Leveler(2011) Divisions
0%
Rescue & Restore(2013) Echoes
0%
Guardians(2020) Empty Heaven
0%
Thrill Seeker(2005) Eve of the End
0%
Found in Far Away Places(2015) Everlasting Ending
0%
Guardians(2020) Extinct by Instinct
0%
Rescue & Restore(2013) Fault Line
0%
Phantom Anthem(2017) Float
0%
Death Below(2023) Fool's Gold in the Bear Trap
0%
Phantom Anthem(2017) Generations
0%
Phantom Anthem(2017) Hero of the Half Truth
0%
Leveler(2011) Internal Cannon
0%
Phantom Anthem(2017) Invisible Enemy
0%
Phantom Anthem(2017) King of Sorrow
0%
Phantom Anthem(2017) Lifeline
0%
Guardians(2020) Lighthouse
0%
Found in Far Away Places(2015) Marathon
0%
Lost Messengers: The Outtakes(2009) Mosely
0%
Leveler(2011) Pangaea
0%
Lost Messengers: The Outtakes(2009) Piano Man
0%
Leveler(2011) Poor Millionaire
0%
Death Below(2023) Premonition
0%
Thrill Seeker(Bonus)(2005) Pride & Humility
0%
Rescue & Restore(2013) Provision
0%
Phantom Anthem(2017) Quake
0%
Death Below(2023) Reckoning
0%
Messengers(2007) Redemption
0%
Death Below(2023) Revival
0%
Death Below(2023) Sevink
0%
Rescue & Restore(2013) Sincerity
0%
Thrill Seeker(2005) Speech Impediment
0%
Rescue & Restore(2013) Spirit Breaker
0%
Non-Album(2021) Standing in the Storm
0%
Death Below(2023) The Abyss
0%
Messengers(2007) The Balance
0%
Messengers(2007) The Blinding Light
0%
Messengers(2007) The Eleventh Hour
0%
Rescue & Restore(2013) The First Step
0%
Guardians(2020) The Narrative
0%
Thrill Seeker(2005) The Reflective Property
0%
Messengers(2007) The Truth of a Liar
0%
Guardians(2020) Three Fountains
0%
Thrill Seeker(2005) Too Late for Roses
0%
Lost Messengers: The Outtakes(2009) To Those About to Rock
0%
Rescue & Restore(2013) Treatment
0%
Messengers(2007) Vital Signs
0%
No matching quizzes found
Score Distribution
Percent of People with Each Score
Percentile by Number Answered
Your Score History
You have not taken this quiz since the last reset